|
|
|
|
| LEADER |
00000nam0a2200000 4500 |
| 001 |
157085 |
| 005 |
20231031153507.0 |
| 035 |
|
|
|a (RuTPU)RU\TPU\book\170369
|
| 090 |
|
|
|a 157085
|
| 100 |
|
|
|a 20090403d1958 km y0rusy50 ca
|
| 101 |
0 |
|
|a rus
|
| 102 |
|
|
|a RU
|
| 105 |
|
|
|a y gj 000zy
|
| 200 |
1 |
|
|a Терминология по основным вопросам горного дела
|e справочное учебное пособие
|f Московский государственный экономический институт (МГЭИ), Кафедра технологии ; сост. В. А. Глаголев
|
| 210 |
|
|
|a Москва
|c Изд-во МГЭИ
|d 1958
|
| 215 |
|
|
|a 39 с.
|c ил.
|
| 610 |
1 |
|
|a терминология
|
| 610 |
1 |
|
|a горное дело
|
| 610 |
1 |
|
|a справочные пособия
|
| 610 |
1 |
|
|a учебные пособия
|
| 675 |
|
|
|a 622(075.8)
|v 3
|
| 702 |
|
1 |
|a Глаголев
|b В. А.
|4 220
|
| 712 |
0 |
2 |
|a Московский государственный экономический институт (МГЭИ)
|b Кафедра технологии
|2 stltpush
|3 (RuTPU)RU\TPU\col\14885
|
| 801 |
|
1 |
|a RU
|b 63413507
|c 20090403
|g PSBO
|
| 801 |
|
2 |
|a RU
|b 63413507
|c 20090727
|g PSBO
|
| 942 |
|
|
|c BK
|